| 000 | 00633nam a2200217 u 4500 | ||
|---|---|---|---|
| 005 | 20240419063758.0 | ||
| 008 | 170217s2009 mx r 000 0 spa d | ||
| 020 | _a9786074110326 | ||
| 035 | _aUPN01000216094 | ||
| 049 | _aI | ||
| 050 | 4 |
_aPZ74.3 _bL8.9 |
|
| 100 | 1 |
_aLuján, Jorge _932768 |
|
| 245 | 1 | 0 |
_aPantuflas de perrito / _cJorge Luján ; il. Isol. |
| 260 |
_aMéxico : _bAlmadía, _c2009. |
||
| 300 |
_a[26] p. : _bil. col. |
||
| 440 | 0 | _aBarracud | |
| 650 | 4 |
_aRimas infantiles argentinas _924920 |
|
| 650 | 4 |
_aLiteratura infantil argentina _97511 |
|
| 650 | 4 |
_aLibros y lectura para niños _92290 |
|
| 905 | _aInfantil | ||
| 999 |
_c188194 _d188194 |
||